| 000 | 01120cam a22002653a 4500 | ||
|---|---|---|---|
| 001 | 30941 | ||
| 003 | PGUSA | ||
| 005 | 20140828083653.0 | ||
| 008 | 100112s2010||||xxu|||||s|||||000 | eng d | ||
| 040 |
_aPGUSA _beng |
||
| 042 | _adc | ||
| 050 | 4 | _aPT | |
| 245 | 1 | 4 |
_aThe German Classics of the Nineteenth and Twentieth Centuries : _bMasterpieces of German Literature Vol. 19 _h[electronic resource] |
| 260 |
_bProject Gutenberg, _c2010 |
||
| 505 | 0 | _aThe Contemporary Short Story. By Julius Petersen -- The Ball of Crystal. -- Burning Love. -- Gay Hearts. -- Tonio Kröger. -- Matt the Holy. -- The Styrian Wine-Carter. -- Mara. -- In the Old "Sun." -- Stephen the Smith. -- The Iron Idol. | |
| 506 | _aPublic domain in the USA. | ||
| 516 | _aElectronic text | ||
| 653 | _aGerman literature -- 19th century -- Translations into English | ||
| 653 | _aGerman literature -- 20th century -- Translations into English | ||
| 700 | 1 |
_aHoward, William Guild, _d1868-1960 |
|
| 700 | 1 |
_aFrancke, Kuno, _d1855-1930 |
|
| 830 | 0 |
_aProject Gutenberg _v30941 |
|
| 856 | 4 | 0 | _uhttp://www.gutenberg.org/ebooks/30941 |
| 942 | _cEB | ||
| 999 |
_c260196 _d260196 |
||